000 00253nam a2200109Ia 4500
008 200302s9999 xx 000 0 und d
100 _aRobert Gill
245 _aCreative Perspective
260 _bThames and Hudson Ltd.
260 _c1975
300 _a176 P.,
999 _c834
_d834